| 000 | 00470nam a2200145 4500 | ||
|---|---|---|---|
| 082 |
_a604.2 _bLUZ _cL-12, P-51 |
||
| 100 | 1 |
_aLuzadder, Warren Jacob. _913095 |
|
| 245 | 0 | 0 | _aFundamentals of engineering drawing for technical students and professional draftsmen. |
| 250 | _a3d ed. | ||
| 260 |
_aNew York, _bPrentice-Hall, _c1952. |
||
| 300 |
_axi, 721 p. _billus. _c24 cm. |
||
| 526 |
_a0 _b0 _c0 _d604_200000000000000_LUZ |
||
| 650 | 0 | _aMechanical drawing. | |
| 942 |
_2ddc _cBK |
||
| 999 |
_c544728 _d544728 |
||